• 首页
  • 本馆介绍
  • 公告通知
  • 最新文献
  • 馆藏检索
  • 电子资源
  • 读者导购
  • 参考咨询
  • 我的图书馆
  • 登录
  • 详细信息显示
  • 放入我的书架
  • 预约/预借图书
  • 作者相关作品
  • 分类相关作品
  • 丛书相关作品
  • 出版社相关作品

书目信息

  • 表格格式
  • 工作单格式
  • 卡片格式
题名:
奇婚记
    
 
作者: Миксат , 米克沙特 著 ;朱微明 , 肖中 译
分册:  
出版信息: 上海   上海译文出版社  1991.6
页数: 317页
开本: 19cm
丛书名: 世界文学名著普及本
单 册:
中图分类: I515.44
科图分类:
主题词: 长篇小说--匈牙利--近代
电子资源:
ISBN: 7-5327-1092-0
000 01192nam2 2200349 45
001 0192010497
005 20070802105132.25
010    @a7-5327-1092-0@dCNY3.40
020    @aCN@b92010497
100    @a19920828d1991 em y0chiy0121 ea
101 1  @achi@crus
102    @aCN@b310000
105    @ay z 000ay
200 10 @a奇婚记@Aqi hun ji@f(匈)米克沙特(Миксат,К.)著@F(xiong)mi ke sha te zhu@g朱微明,肖 中译
210    @a上海@c上海译文出版社@d1991.6
215    @a317页@d19cm
225 2  @a世界文学名著普及本@e全译本
300    @a据苏联ГослитиЗдат1953年俄译本转译
300    @a俄文题名:Странный брак
300    @a著者俄译名:Кальман Мпксат
314    @a米克沙特,(Mikszath Kalman1849-1910),匈牙利小说家
410  0 @120010@a世界文学名著普及本
510 1  @aСтранный брак@zrus
540 1  @a奇婚记@Aqi hun ji
606    @a长篇小说@y匈牙利@z近代
690    @aI515.44@v4
701 A1 @aМиксат@bКаlман@4著
701  1 @a米克沙特@Ami ke sha te@bКальман@4著
702  0 @a朱微明@Azhu wei ming@4译
702  0 @a肖中@Axiao zhong@4译
801  0 @aCN@bTSSF@c20070802
905    @a10447@dI515.44@e21
    
    奇婚记/(匈)米克沙特(Миксат,К.)著/朱微明,肖 中译.-上海:上海译文出版社,1991.6
    317页;19cm.-(世界文学名著普及本:全译本)
    据苏联ГослитиЗдат1953年俄译本转译.-俄文题名:Странный брак.-著者俄译名:Кальман Мпксат
    
    ISBN 7-5327-1092-0:CNY3.40
    
●
相关链接 在E读中查询图书 在五车中查询图书 在当当中查询图书 在豆瓣中查询图书


正题名:奇婚记     索取号:I515.44/21         预约/预借

序号 登录号 条形码 馆藏地/架位号 状态 备注
1 0790738   207907381   密集书库/ [索取号:I515.44/21] 在馆    
唐山师范学院图书馆 欢迎您!
大连网信软件有限公司© 版权所有